Para verte mejor 2 : (Record no. 10347)

MARC details
000 -LEADER
campo de control de longitud fija 03356cam a2200313 i 4500
001 - NÚMERO DE CONTROL
campo de control 121782
005 - FECHA Y HORA DE LA ÚLTIMA TRANSACCIÓN
campo de control 20230410101558.0
008 - DATOS DE LONGITUD FIJA--INFORMACIÓN GENERAL
campo de control de longitud fija 160203s2015 cu a r 000 0 spa d
020 ## - NÚMERO INTERNACIONAL ESTÁNDAR DEL LIBRO
Número Internacional Estándar del Libro 9789593041959
020 ## - NÚMERO INTERNACIONAL ESTÁNDAR DEL LIBRO
Número Internacional Estándar del Libro 9593041958
041 0# - CÓDIGO DE IDIOMA
Código de lengua del texto/banda sonora o título independiente spa
050 14 - SIGNATURA TOPOGRÁFICA DE LA BIBLIOTECA DEL CONGRESO
Número de clasificación 107 PN 1993.5
Número de ítem P221 2015
082 00 - NÚMERO DE LA CLASIFICACIÓN DECIMAL DEWEY
Número de clasificación 791.4397291
245 00 - MENCIÓN DEL TÍTULO
Título Para verte mejor 2 :
Resto del título pasajes del cine cubano en La Gaceta de Cuba /
Mención de responsabilidad, etc. Selección de Noberto Codina; edición de Daniel García Santos
260 ## - PUBLICACIÓN, DISTRIBUCIÓN, ETC.
Lugar de publicación, distribución, etc. La Habana :
Nombre del editor, distribuidor, etc. Ediciciones ICAIC,
Fecha de publicación, distribución, etc. 2015
300 ## - DESCRIPCIÓN FÍSICA
Extensión 448 p. :
Otras características físicas ill. ;
Dimensiones 21 cm.
505 00 - NOTA DE CONTENIDO CON FORMATO
Título El cine cubano entre dos siglos (bis) /
Mención de responsabilidad Norberto Codina -- p.1. El reverso mítico --
Título El cine cubano en cueros /
Mención de responsabilidad Luciano Castillo --
Título El reverso mítico de Elpidio Valdés /
Mención de responsabilidad Justo Planas Cabrejas --
Título El milagro fílmico de La Virgen de la Caridad /
Mención de responsabilidad Luciano Castillo y Arturo Agramonte --
Título El misterio de las aguas (crónicas de un día de rodaje) /
Mención de responsabilidad Arturo Soto -- p.2. Pantalla documentada --
Título El diamante del Capitolio. Entrevista a Walfredo Piñera /
Mención de responsabilidad Dean Luis Reyes --
Título Cine, cuerpo y trabajo : los montajes de Guillén Landrián /
Mención de responsabilidad Julio Ramos --
Título Bola y Rita : la memoria, la música y el amor /
Mención de responsabilidad Octavio Cortázar --
Título París bien vale este documental. Entrevista con el realizador Rogelio París /
Mención de responsabilidad Félix Contreras --
Título Sobre las cabras y el monte. Rigoberto Jiménez habla sobre la Televisión Serrana /
Mención de responsabilidad Arturo Arango --
Título La década documentada. No ficción y reflexividad en el audiovisual cubano de los años 2000 /
Mención de responsabilidad Dean Luis Reyes -- p.3. El arte de actuar --
Título Eslinda Núñez : mucho más que un rostro bello /
Mención de responsabilidad Susadny González Rodríguez --
Título El arte de saber esperar. Entrevista a Vladimir Cruz /
Mención de responsabilidad Camilo Venegas --
Título Los minutos, la hora con Laurade la Uz /
Mención de responsabilidad Luis Orlando Rodríguez --
Título Alina Rodríguez : el magisterio y la actuación /
Mención de responsabilidad Luis Orlando Rodríguez -- p.4. La construcción de una imagen --
Título Entrevista a Fernando Pérez. La construcción de una imagen /
Mención de responsabilidad Víctor Fowler --
Título Ni oír ni dar consejos. Conversación con Fernando Pérez /
Mención de responsabilidad Zurelys López Amaya --
Título De cierta manera, el subalterno sí puede hablar. Sara Gómez y la voz del otro en el cine cubano /
Mención de responsabilidad Gisela González-Dieter --
Título Senel Paz. A mí lo que me gusta es escribir /
Mención de responsabilidad Juan Ramón Ferrera Vaillant -- p.5. Espacios y críticas --
Título Entre Cecilia y Alicia /
Mención de responsabilidad Arturo Arango --
Título Más allá del mar /
Mención de responsabilidad Désirée Díaz --
Título Crítica de cine e institucionalidad medial en Cuba : ¿Cómo cambiar las reglas del juego? /
Mención de responsabilidad Hamlet Fernández --
Título Experimentación, independencia y alternatividad en el audiovisual contemporáneo cubano -- p.6. Cerca de Alfredo --
-- Alfredo Guevara (un recuerdo impactante) /
Mención de responsabilidad Manuel Pérez Paredes --
Título Los años 90, Alfredo Guevara y el cine cubano /
Mención de responsabilidad Kiki Alvarez --
Título Despedida en Verdana 13 /
Mención de responsabilidad Luis Ernesto Dueñas --
Título El gesto de Alfredo Guevara /
Mención de responsabilidad Julio César Guanche.
650 #0 - PUNTO DE ACCESO ADICIONAL DE MATERIA--TÉRMINO DE MATERIA
Término de materia o nombre geográfico como elemento de entrada Motion pictures
Subdivisión general Communist countries
-- History.
650 #4 - PUNTO DE ACCESO ADICIONAL DE MATERIA--TÉRMINO DE MATERIA
Término de materia o nombre geográfico como elemento de entrada Cine
Subdivisión general Países comunistas
-- Historia.
650 #0 - PUNTO DE ACCESO ADICIONAL DE MATERIA--TÉRMINO DE MATERIA
Término de materia o nombre geográfico como elemento de entrada Motion pictures
Subdivisión geográfica Cuba
Subdivisión general History.
650 #4 - PUNTO DE ACCESO ADICIONAL DE MATERIA--TÉRMINO DE MATERIA
Término de materia o nombre geográfico como elemento de entrada Cine
Subdivisión geográfica Cuba
Subdivisión general Historia.
650 #0 - PUNTO DE ACCESO ADICIONAL DE MATERIA--TÉRMINO DE MATERIA
Término de materia o nombre geográfico como elemento de entrada Motion pictures
Subdivisión geográfica Cuba
Subdivisión general History
Subdivisión cronológica 20th century.
650 #4 - PUNTO DE ACCESO ADICIONAL DE MATERIA--TÉRMINO DE MATERIA
Término de materia o nombre geográfico como elemento de entrada Cine
Subdivisión geográfica Cuba
Subdivisión general Historia
Subdivisión cronológica Siglo XX.
700 1# - ENTRADA AGREGADA--NOMBRE PERSONAL
Nombre de persona Codina, Norberto.
Término indicativo de función/relación selec.
700 1# - ENTRADA AGREGADA--NOMBRE PERSONAL
Nombre de persona García Santos, Daniel.
Término indicativo de función/relación ed.
700 1# - ENTRADA AGREGADA--NOMBRE PERSONAL
Nombre de persona Carbó Abreu, Jacqueline.
Término indicativo de función/relación diag.
942 ## - ELEMENTOS DE ENTRADA SECUNDARIOS (KOHA)
Fuente del sistema de clasificación o colocación Clasificación de Library of Congress
Tipo de ítem Koha
946 ## - PROCESAMIENTO DE INFORMACIÓN LOCAL (OCLC)
a JaaM
Holdings
Estatus retirado Estado de pérdida Fuente del sistema de clasificación o colocación Estado de daño No para préstamo Colección Biblioteca de origen Biblioteca actual Ubicación en estantería Fecha de adquisición Serial enumeration / chronology Signatura topográfica completa Código de barras Visto por última vez Copia número Tipo de ítem Koha
    Clasificación de Library of Congress     Recursos Regionales Biblioteca Juan Bosch Biblioteca Juan Bosch Recursos Regionales (2do. Piso) 10/04/2023 1 107 PN 1993.5 P221 2015 00000114357 23/10/2018 1